Najpopularniejsze sporty w podanych krajach. - Statystyki

Ogólne statystyki
  • Ten quiz został rozwiązany 7 053 razy
    5 900 od ostatniego zresetowania
  • Średni wynik to 6 z 10
Statystyki odpowiedzi
Kraj Sport % Poprawnych
Polska Piłka Nożna
100%
Litwa Koszykówka
86%
Kanada Hokej
81%
Nowa Zelandia Rugby
65%
Indie Krykiet
61%
Austria Skoki Narciarskie
52%
Wenezuela Baseball
48%
Stany Zjednoczone Futbol Amerykański
45%
Chiny Tenis Stołowy
36%
Mongolia Wrestling
4%
Nie znaleziono quizów pasujących do podanych kryteriów
Rozkład punktacji
Procent ludzi z każdym wynikiem
Percentyl według liczby udzielonych odpowiedzi
Twoja historia wyników
Nie rozwiązałeś tego quizu od ostatniego zresetowania